<?xml version="1.0" encoding="UTF-8"?>
<collection xmlns="http://www.loc.gov/MARC21/slim">
 <record>
  <leader>02872aam a22003618a 4500</leader>
  <controlfield tag="001">NCT_25078</controlfield>
  <controlfield tag="008">160616s2016                  ||||||viesd</controlfield>
  <datafield tag="999" ind1=" " ind2=" ">
   <subfield code="c">1191</subfield>
   <subfield code="d">1191</subfield>
  </datafield>
  <datafield tag="020" ind1=" " ind2=" ">
   <subfield code="a">9786047343898</subfield>
   <subfield code="c">125000</subfield>
  </datafield>
  <datafield tag="082" ind1="0" ind2="4">
   <subfield code="2">23rd ed.</subfield>
   <subfield code="a">664.02</subfield>
   <subfield code="b">C455</subfield>
  </datafield>
  <datafield tag="100" ind1="1" ind2=" ">
   <subfield code="a">Lê Văn Việt Mẫn</subfield>
   <subfield code="e">Chủ biên</subfield>
  </datafield>
  <datafield tag="245" ind1="1" ind2="0">
   <subfield code="a">Công nghệ chế biến thực phẩm</subfield>
   <subfield code="c">Lê Văn Việt Mẫn (chủ biên); Lại Quốc Đạt, Nguyễn Thị Hiền, Tôn Nữ Minh Nguyệt, Trần Thị Thu Hà</subfield>
  </datafield>
  <datafield tag="250" ind1=" " ind2=" ">
   <subfield code="a">Tái bản lần thứ 3</subfield>
  </datafield>
  <datafield tag="260" ind1=" " ind2=" ">
   <subfield code="a">Tp. Hồ Chí Minh</subfield>
   <subfield code="b">Nxb. Đại học Quốc gia Tp. Hồ Chí Minh</subfield>
   <subfield code="c">2016</subfield>
  </datafield>
  <datafield tag="300" ind1=" " ind2=" ">
   <subfield code="a">1018tr. </subfield>
   <subfield code="b">minh hoạ</subfield>
   <subfield code="c">24cm</subfield>
  </datafield>
  <datafield tag="500" ind1=" " ind2=" ">
   <subfield code="a">ĐTSG: Đại học Quốc gia Tp. Hồ Chí Minh. Trường đại học Bách khoa</subfield>
  </datafield>
  <datafield tag="520" ind1="3" ind2=" ">
   <subfield code="a">Trình bày khái quát về thực phẩm và công nghệ thực phẩm. Các quá trình công nghệ trong công nghiệp thực phẩm. Quy trình sản xuất một số thực phẩm công nghiệp.</subfield>
  </datafield>
  <datafield tag="653" ind1=" " ind2=" ">
   <subfield code="a">Công nghệ thực phẩm</subfield>
  </datafield>
  <datafield tag="700" ind1="1" ind2=" ">
   <subfield code="a">Lại Quốc Đạt</subfield>
  </datafield>
  <datafield tag="700" ind1="1" ind2=" ">
   <subfield code="a">Nguyễn Thị Hiền</subfield>
  </datafield>
  <datafield tag="700" ind1="1" ind2=" ">
   <subfield code="a">Tôn Nữ Minh Nguyệt</subfield>
  </datafield>
  <datafield tag="700" ind1="1" ind2=" ">
   <subfield code="a">Trần Thị Thu Hà</subfield>
  </datafield>
  <datafield tag="942" ind1=" " ind2=" ">
   <subfield code="2">ddc</subfield>
   <subfield code="c">BK</subfield>
  </datafield>
  <datafield tag="952" ind1=" " ind2=" ">
   <subfield code="0">0</subfield>
   <subfield code="1">0</subfield>
   <subfield code="2">ddc</subfield>
   <subfield code="4">0</subfield>
   <subfield code="6">664_020000000000000_C455</subfield>
   <subfield code="7">0</subfield>
   <subfield code="9">9625</subfield>
   <subfield code="a">000001</subfield>
   <subfield code="b">000001</subfield>
   <subfield code="d">2018-06-02</subfield>
   <subfield code="l">4</subfield>
   <subfield code="o">664.02 C455</subfield>
   <subfield code="p">MD.07767</subfield>
   <subfield code="q">2022-02-26</subfield>
   <subfield code="r">2022-02-11</subfield>
   <subfield code="s">2022-02-11</subfield>
   <subfield code="v">125000.00</subfield>
   <subfield code="w">2018-06-02</subfield>
   <subfield code="y">BK</subfield>
  </datafield>
  <datafield tag="952" ind1=" " ind2=" ">
   <subfield code="0">0</subfield>
   <subfield code="1">0</subfield>
   <subfield code="2">ddc</subfield>
   <subfield code="4">0</subfield>
   <subfield code="6">664_020000000000000_C455</subfield>
   <subfield code="7">0</subfield>
   <subfield code="9">9626</subfield>
   <subfield code="a">000001</subfield>
   <subfield code="b">000001</subfield>
   <subfield code="d">2018-06-02</subfield>
   <subfield code="o">664.02 C455</subfield>
   <subfield code="p">MD.07768</subfield>
   <subfield code="r">2018-06-02</subfield>
   <subfield code="v">125000.00</subfield>
   <subfield code="w">2018-06-02</subfield>
   <subfield code="y">BK</subfield>
  </datafield>
  <datafield tag="952" ind1=" " ind2=" ">
   <subfield code="0">0</subfield>
   <subfield code="1">0</subfield>
   <subfield code="2">ddc</subfield>
   <subfield code="4">0</subfield>
   <subfield code="6">664_020000000000000_C455</subfield>
   <subfield code="7">0</subfield>
   <subfield code="9">9627</subfield>
   <subfield code="a">000001</subfield>
   <subfield code="b">000001</subfield>
   <subfield code="d">2018-06-02</subfield>
   <subfield code="l">2</subfield>
   <subfield code="o">664.02 C455</subfield>
   <subfield code="p">MD.07769</subfield>
   <subfield code="r">2019-12-31</subfield>
   <subfield code="s">2019-12-18</subfield>
   <subfield code="v">125000.00</subfield>
   <subfield code="w">2018-06-02</subfield>
   <subfield code="y">BK</subfield>
  </datafield>
  <datafield tag="952" ind1=" " ind2=" ">
   <subfield code="0">0</subfield>
   <subfield code="1">0</subfield>
   <subfield code="2">ddc</subfield>
   <subfield code="4">0</subfield>
   <subfield code="6">664_020000000000000_C455</subfield>
   <subfield code="7">0</subfield>
   <subfield code="9">9628</subfield>
   <subfield code="a">000001</subfield>
   <subfield code="b">000001</subfield>
   <subfield code="d">2018-06-02</subfield>
   <subfield code="o">664.02 C455</subfield>
   <subfield code="p">MD.07770</subfield>
   <subfield code="r">2018-06-02</subfield>
   <subfield code="v">125000.00</subfield>
   <subfield code="w">2018-06-02</subfield>
   <subfield code="y">BK</subfield>
  </datafield>
  <datafield tag="952" ind1=" " ind2=" ">
   <subfield code="0">0</subfield>
   <subfield code="1">0</subfield>
   <subfield code="2">ddc</subfield>
   <subfield code="4">0</subfield>
   <subfield code="6">664_020000000000000_C455</subfield>
   <subfield code="7">0</subfield>
   <subfield code="9">9629</subfield>
   <subfield code="a">000001</subfield>
   <subfield code="b">000001</subfield>
   <subfield code="d">2018-06-02</subfield>
   <subfield code="l">2</subfield>
   <subfield code="o">664.02 C455</subfield>
   <subfield code="p">MD.07771</subfield>
   <subfield code="q">2022-02-28</subfield>
   <subfield code="r">2022-02-14</subfield>
   <subfield code="s">2022-02-14</subfield>
   <subfield code="v">125000.00</subfield>
   <subfield code="w">2018-06-02</subfield>
   <subfield code="y">BK</subfield>
  </datafield>
  <datafield tag="952" ind1=" " ind2=" ">
   <subfield code="0">0</subfield>
   <subfield code="1">0</subfield>
   <subfield code="2">ddc</subfield>
   <subfield code="4">0</subfield>
   <subfield code="6">664_020000000000000_C455</subfield>
   <subfield code="7">0</subfield>
   <subfield code="9">9630</subfield>
   <subfield code="a">000001</subfield>
   <subfield code="b">000001</subfield>
   <subfield code="d">2018-06-02</subfield>
   <subfield code="l">3</subfield>
   <subfield code="o">664.02 C455</subfield>
   <subfield code="p">MD.07772</subfield>
   <subfield code="r">2021-04-13</subfield>
   <subfield code="s">2021-04-02</subfield>
   <subfield code="v">125000.00</subfield>
   <subfield code="w">2018-06-02</subfield>
   <subfield code="y">BK</subfield>
  </datafield>
  <datafield tag="952" ind1=" " ind2=" ">
   <subfield code="0">0</subfield>
   <subfield code="1">0</subfield>
   <subfield code="2">ddc</subfield>
   <subfield code="4">0</subfield>
   <subfield code="6">664_020000000000000_C455</subfield>
   <subfield code="7">0</subfield>
   <subfield code="9">9631</subfield>
   <subfield code="a">000001</subfield>
   <subfield code="b">000001</subfield>
   <subfield code="d">2018-06-02</subfield>
   <subfield code="o">664.02 C455</subfield>
   <subfield code="p">MD.07773</subfield>
   <subfield code="r">2018-06-02</subfield>
   <subfield code="v">125000.00</subfield>
   <subfield code="w">2018-06-02</subfield>
   <subfield code="y">BK</subfield>
  </datafield>
  <datafield tag="952" ind1=" " ind2=" ">
   <subfield code="0">0</subfield>
   <subfield code="1">0</subfield>
   <subfield code="2">ddc</subfield>
   <subfield code="4">0</subfield>
   <subfield code="6">664_020000000000000_C455</subfield>
   <subfield code="7">0</subfield>
   <subfield code="9">9632</subfield>
   <subfield code="a">000001</subfield>
   <subfield code="b">000001</subfield>
   <subfield code="d">2018-06-02</subfield>
   <subfield code="l">6</subfield>
   <subfield code="m">1</subfield>
   <subfield code="o">664.02 C455</subfield>
   <subfield code="p">MD.07774</subfield>
   <subfield code="q">2022-02-28</subfield>
   <subfield code="r">2022-02-14</subfield>
   <subfield code="s">2022-02-14</subfield>
   <subfield code="v">125000.00</subfield>
   <subfield code="w">2018-06-02</subfield>
   <subfield code="y">BK</subfield>
  </datafield>
  <datafield tag="952" ind1=" " ind2=" ">
   <subfield code="0">0</subfield>
   <subfield code="1">0</subfield>
   <subfield code="2">ddc</subfield>
   <subfield code="4">0</subfield>
   <subfield code="6">664_020000000000000_C455</subfield>
   <subfield code="7">0</subfield>
   <subfield code="9">9758</subfield>
   <subfield code="a">000001</subfield>
   <subfield code="b">000001</subfield>
   <subfield code="d">2018-06-06</subfield>
   <subfield code="l">5</subfield>
   <subfield code="o">664.02 C455</subfield>
   <subfield code="p">MD.12234</subfield>
   <subfield code="r">2020-10-08</subfield>
   <subfield code="s">2020-09-28</subfield>
   <subfield code="v">125000.00</subfield>
   <subfield code="w">2018-06-06</subfield>
   <subfield code="y">BK</subfield>
  </datafield>
  <datafield tag="980" ind1=" " ind2=" ">
   <subfield code="a">Thư viện Trường Đại học Nam Cần Thơ</subfield>
  </datafield>
 </record>
</collection>
